Normal view
MARC view
- Hartland-Thunberg, Penelope
Entry Personal Name
001 - CONTROL NUMBER
- control field: 99814
003 - CONTROL NUMBER IDENTIFIER
- control field: NUST
005 - DATE AND TIME OF LATEST TRANSACTION
- control field: 20221011113955.0
008 - FIXED-LENGTH DATA ELEMENTS
- fixed length control field: 221011|| aca||aabn | a|a d
040 ## - CATALOGING SOURCE
- Original cataloging agency: NUST
- Transcribing agency: NUST
100 ## - HEADING--PERSONAL NAME
- Personal name: Hartland-Thunberg, Penelope
670 ## - SOURCE DATA FOUND
- Source citation: Work cat.: (NUST)0: Hartland-Thunberg, Penelope., China, Hong Kong, Taiwan, and the world trading system /, 1990.
